О точности различных статистических методов при описании фазовых переходов упорядочения в ОЦК-сплавах; Журнал экспериментальной и теоретической физики; Т. 124, вып. 1

Detalles Bibliográficos
Parent link:Журнал экспериментальной и теоретической физики=ЖЭТФ/ Российская академия наук (РАН) ; Отделение физических наук РАН.— , 1931-.— 0044-4510
Т. 124, вып. 1.— 2003.— с. 114-129
Autor Principal: Вакс В. Г.
Outros autores: Панкратов И. Р.
Idioma:ruso
Publicado: 2003
Series:Твердые тела
Subjects:
Formato: Capítulo de libro
KOHA link:https://koha.lib.tpu.ru/cgi-bin/koha/opac-detail.pl?biblionumber=431516

MARC

LEADER 00000naa2a2200000 4500
001 431516
005 20231101075405.0
035 |a (RuTPU)RU\TPU\prd\91646 
035 |a RU\TPU\prd\18570 
090 |a 431516 
100 |a 20101201a2003 k y0rusy50 ca 
101 0 |a rus 
102 |a RU 
200 1 |a О точности различных статистических методов при описании фазовых переходов упорядочения в ОЦК-сплавах  |f В. Г. Вакс, И. Р. Панкратов 
225 1 |a Твердые тела  |e Структура 
320 |a Библиогр.: 23 назв. 
461 1 |0 (RuTPU)RU\TPU\prd\1443  |x 0044-4510  |t Журнал экспериментальной и теоретической физики  |l ЖЭТФ  |f Российская академия наук (РАН) ; Отделение физических наук РАН  |d 1931- 
463 1 |0 (RuTPU)RU\TPU\prd\91638  |t Т. 124, вып. 1  |v с. 114-129  |d 2003 
610 1 |a статистические методы 
610 1 |a ОЦК-сплавы 
610 1 |a упорядочение 
610 1 |a точность 
610 1 |a фазовые переходы 
610 1 |a описание 
610 1 |a корреляции 
610 1 |a кластерные методы 
610 1 |a Монте-Карло метод 
700 1 |a Вакс  |b В. Г. 
701 1 |a Панкратов  |b И. Р. 
801 1 |a RU  |b 63413507  |c 20031017  |g PSBO 
801 2 |a RU  |b 63413507  |c 20101201  |g RCR 
942 |c BK